[Event "C18"]
[Site "?"]
[Date "2016.08.10"]
[Round "16.4"]
[White "Smieszek, Wojciech"]
[Black "Putlak, Wojciech"]
[Result "0-1"]
[LiveChessVersion "1.4.8"]
[BlackElo "1939"]
[WhiteElo "2042"]

1. e4 {[%clk 0:03:03]} c5 {[%clk 0:03:03]} 2. Nf3 {[%clk 0:03:04]} d6
{[%clk 0:03:04]} 3. d4 {[%clk 0:03:05]} cxd4 {[%clk 0:03:04]} 4. Nxd4
{[%clk 0:03:06]} Nf6 5. Nc3 a6 {[%clk 0:03:06]} 6. Nb3 {[%clk 0:03:06]} Nc6
{[%clk 0:03:06]} 7. Be2 {[%clk 0:02:49]} e6 {[%clk 0:03:02]} 8. g4
{[%clk 0:02:45]} Be7 {[%clk 0:03:00]} 9. Be3 {[%clk 0:02:33]} b5 {[%clk 0:02:55]}
10. g5 {[%clk 0:02:13]} Nd7 {[%clk 0:02:53]} 11. Qd2 {[%clk 0:02:10]} Bb7
{[%clk 0:02:49]} 12. f4 {[%clk 0:02:00]} Qc7 {[%clk 0:02:41]} 13. Bf3
{[%clk 0:01:33]} Nb6 {[%clk 0:02:23]} 14. Be2 {[%clk 0:00:57]} b4
{[%clk 0:02:01]} 15. Nd1 {[%clk 0:00:47]} a5 {[%clk 0:02:02]} 16. Nd4
{[%clk 0:00:47]} Nxd4 17. Qxd4 Nd7 {[%clk 0:01:49]} 18. Qxg7 {[%clk 0:00:45]}
O-O-O {[%clk 0:01:43]} 19. Qd4 {[%clk 0:00:45]} Nc5 {[%clk 0:01:42]} 20. Nf2
{[%clk 0:00:43]} h6 {[%clk 0:01:41]} 21. g6 {[%clk 0:00:41]} fxg6
{[%clk 0:01:39]} 22. Rg1 {[%clk 0:00:38]} Rhg8 {[%clk 0:01:31]} 23. Bg4
{[%clk 0:00:31]} g5 {[%clk 0:01:26]} 24. fxg5 {[%clk 0:00:25]} Bxg5
{[%clk 0:01:25]} 25. Bxg5 {[%clk 0:00:26]} Rxg5 {[%clk 0:01:25]} 26. h4
{[%clk 0:00:24]} Re5 {[%clk 0:01:22]} 27. Bf3 {[%clk 0:00:18]} Rf8
{[%clk 0:01:13]} 28. Qe3 {[%clk 0:00:17]} d5 {[%clk 0:00:46]} 29. O-O-O
{[%clk 0:00:17]} dxe4 {[%clk 0:00:46]} 30. Bg4 {[%clk 0:00:17]} Nd3+
{[%clk 0:00:25]} 31. Nxd3 {[%clk 0:00:15]} exd3 {[%clk 0:00:26]} 32. Qxd3
{[%clk 0:00:15]} Rf2 {[%clk 0:00:20]} 33. Rgf1 {[%clk 0:00:11]} Be4
{[%clk 0:00:15]} 34. Rxf2 {[%clk 0:00:10]} Bxd3 35. Rxd3 Re1+ 36. Kd2 Qe5
{[%clk 0:00:16]} 37. Rf8+ {[%clk 0:00:13]} Kc7 {[%clk 0:00:17]} 38. Rf2
{[%clk 0:00:13]} Rh1 {[%clk 0:00:11]} 39. Bf3 {[%clk 0:00:11]} Qe1#
{[%clk 0:00:11]} 0-1

[Event "C18"]
[Site "?"]
[Date "2016.08.10"]
[Round "16.5"]
[White "Wacior, Maciej"]
[Black "Chomczyk, Marek"]
[Result "1-0"]
[LiveChessVersion "1.4.8"]
[BlackElo "2063"]
[WhiteElo "2005"]

1. d4 Nf6 {[%clk 0:03:03]} 2. Nf3 {[%clk 0:03:04]} e6 {[%clk 0:03:04]} 3. Bf4
{[%clk 0:03:05]} d5 {[%clk 0:03:05]} 4. e3 {[%clk 0:03:07]} c5 {[%clk 0:03:05]}
5. c3 {[%clk 0:03:08]} Be7 {[%clk 0:03:04]} 6. Bd3 {[%clk 0:03:09]} O-O
{[%clk 0:02:58]} 7. Nbd2 {[%clk 0:03:10]} b6 {[%clk 0:02:57]} 8. O-O
{[%clk 0:03:10]} Ba6 {[%clk 0:02:58]} 9. Bxa6 {[%clk 0:03:07]} Nxa6
{[%clk 0:02:59]} 10. Ne5 {[%clk 0:03:02]} Rc8 {[%clk 0:02:53]} 11. Qa4
{[%clk 0:03:01]} Nb8 {[%clk 0:02:43]} 12. Qxa7 {[%clk 0:03:01]} Nc6
{[%clk 0:02:44]} 13. Qa4 {[%clk 0:02:50]} Nxe5 {[%clk 0:02:27]} 14. Bxe5
{[%clk 0:02:51]} Nd7 {[%clk 0:02:27]} 15. Bg3 {[%clk 0:02:49]} f6
{[%clk 0:02:01]} 16. Qd1 {[%clk 0:02:43]} e5 {[%clk 0:01:58]} 17. dxe5
{[%clk 0:02:44]} fxe5 {[%clk 0:01:59]} 18. Nf3 {[%clk 0:02:45]} Nf6
{[%clk 0:01:50]} 19. Nxe5 {[%clk 0:02:46]} Ne4 {[%clk 0:01:50]} 20. a4
{[%clk 0:02:34]} Bf6 {[%clk 0:01:45]} 21. Nf3 {[%clk 0:02:32]} Kh8
{[%clk 0:01:41]} 22. a5 {[%clk 0:02:33]} bxa5 {[%clk 0:01:43]} 23. Qa4
{[%clk 0:02:33]} Rb8 {[%clk 0:01:36]} 24. Bxb8 {[%clk 0:02:31]} Qxb8
{[%clk 0:01:36]} 25. Rfb1 {[%clk 0:02:14]} Bd8 {[%clk 0:01:12]} 26. Qd7
{[%clk 0:02:09]} Qb3 {[%clk 0:00:53]} 27. Ne5 {[%clk 0:01:56]} Bf6
{[%clk 0:00:47]} 28. Nf3 {[%clk 0:01:32]} Qc2 {[%clk 0:00:46]} 29. Rf1
{[%clk 0:01:29]} Rd8 {[%clk 0:00:42]} 30. Qb5 {[%clk 0:01:30]} Be7
{[%clk 0:00:29]} 31. Rac1 {[%clk 0:01:32]} Nd6 {[%clk 0:00:22]} 32. Qxc5
{[%clk 0:01:13]} Qg6 {[%clk 0:00:21]} 33. Qxa5 {[%clk 0:01:00]} Rf8
{[%clk 0:00:21]} 34. Qxd5 {[%clk 0:00:58]} h6 {[%clk 0:00:18]} 35. c4
{[%clk 0:00:57]} Rf5 {[%clk 0:00:18]} 36. Qa8+ {[%clk 0:00:56]} Kh7
{[%clk 0:00:20]} 37. c5 {[%clk 0:00:51]} Nf7 {[%clk 0:00:18]} 38. Qe4
{[%clk 0:00:50]} Qf6 {[%clk 0:00:11]} 39. Nh4 {[%clk 0:00:47]} Qxh4
{[%clk 0:00:07]} 40. Qxf5+ {[%clk 0:00:49]} Kg8 {[%clk 0:00:08]} 41. c6
{[%clk 0:00:49]} Bd6 {[%clk 0:00:09]} 42. g3 {[%clk 0:00:49]} Qd8
{[%clk 0:00:10]} 43. Qd5 {[%clk 0:00:47]} Ne5 {[%clk 0:00:10]} 1-0

[Event "C18"]
[Site "?"]
[Date "2016.08.10"]
[Round "17.1"]
[White "Molenda, Marcin"]
[Black "Niekras, Dawid"]
[Result "0-1"]
[LiveChessVersion "1.4.8"]
[BlackElo "2157"]
[WhiteElo "2187"]

1. d4 Nf6 2. Nf3 g6 3. c4 Bg7 4. g3 O-O 5. Bg2 d6 6. O-O Nc6 7. Nc3 a6 8. h3 Rb8
9. e4 b5 10. e5 dxe5 11. dxe5 Nd7 12. cxb5 axb5 13. e6 fxe6 14. Ng5 Nd4 15. Be3
Nb6 16. Nce4 h6 17. Nf3 Nxf3+ 18. Bxf3 Qxd1 19. Bxd1 Nc4 20. Bc5 Bb7 21. Nc3 Nxb2
22. Nxb5 Ba6 23. Nxc7 Bxf1 24. Kxf1 Nd3 0-1

[Event "C18"]
[Site "?"]
[Date "2016.08.10"]
[Round "17.2"]
[White "Smieszek, Wojciech"]
[Black "Kucza, Karol"]
[Result "0-1"]
[LiveChessVersion "1.4.8"]
[BlackElo "2184"]
[WhiteElo "2042"]

1. e4 {[%clk 0:03:03]} e5 {[%clk 0:03:04]} 2. Nf3 Nc6 3. d4 {[%clk 0:03:06]} exd4
{[%clk 0:03:06]} 4. Nxd4 {[%clk 0:03:07]} Nf6 {[%clk 0:03:08]} 5. Nxc6
{[%clk 0:03:08]} bxc6 {[%clk 0:03:09]} 6. e5 Qe7 7. Qe2 {[%clk 0:03:10]} Nd5
{[%clk 0:03:12]} 8. c4 Ba6 9. b3 {[%clk 0:03:13]} g6 {[%clk 0:03:14]} 10. Qe4
{[%clk 0:03:05]} f5 {[%clk 0:02:57]} 11. Qe2 {[%clk 0:02:36]} Bg7
{[%clk 0:02:58]} 12. f4 {[%clk 0:02:21]} O-O {[%clk 0:02:27]} 13. Ba3
{[%clk 0:02:04]} d6 {[%clk 0:02:21]} 14. Qf3 {[%clk 0:01:48]} Nxf4
{[%clk 0:02:16]} 15. Qxf4 {[%clk 0:01:03]} Bxe5 {[%clk 0:01:59]} 16. Qd2
{[%clk 0:00:41]} Bc3+ {[%clk 0:01:47]} 0-1

[Event "C18"]
[Site "?"]
[Date "2016.08.10"]
[Round "17.3"]
[White "Piotrowski, Przemyslaw"]
[Black "Putlak, Wojciech"]
[Result "1-0"]
[LiveChessVersion "1.4.8"]
[BlackElo "1939"]
[WhiteElo "2131"]

1. d4 {[%clk 0:03:03]} Nf6 {[%clk 0:03:03]} 2. Nf3 {[%clk 0:03:05]} e6
{[%clk 0:03:02]} 3. g3 {[%clk 0:03:06]} d5 {[%clk 0:03:01]} 4. Bg2
{[%clk 0:03:07]} Bd6 {[%clk 0:03:01]} 5. O-O {[%clk 0:03:07]} O-O
{[%clk 0:03:02]} 6. c4 {[%clk 0:03:09]} c6 {[%clk 0:03:02]} 7. b3
{[%clk 0:03:08]} Nbd7 {[%clk 0:03:02]} 8. Bb2 {[%clk 0:03:09]} Qe7
{[%clk 0:03:03]} 9. Nc3 {[%clk 0:03:10]} e5 {[%clk 0:03:01]} 10. dxe5
{[%clk 0:03:07]} Nxe5 {[%clk 0:03:02]} 11. cxd5 {[%clk 0:03:08]} cxd5
{[%clk 0:02:58]} 12. Nxd5 {[%clk 0:03:04]} Nxd5 {[%clk 0:02:53]} 13. Qxd5
{[%clk 0:03:05]} Nxf3+ {[%clk 0:02:46]} 14. Qxf3 {[%clk 0:03:03]} Re8
{[%clk 0:02:30]} 15. Rfd1 {[%clk 0:03:01]} Be5 {[%clk 0:02:24]} 16. Bxe5
{[%clk 0:02:54]} Qxe5 {[%clk 0:02:24]} 17. e3 {[%clk 0:02:52]} Rb8
{[%clk 0:02:13]} 18. Rac1 {[%clk 0:02:32]} b6 {[%clk 0:02:12]} 19. Qd5
{[%clk 0:02:21]} Qxd5 {[%clk 0:01:54]} 20. Bxd5 {[%clk 0:02:21]} Bb7
{[%clk 0:01:55]} 21. Rc7 {[%clk 0:02:18]} Bxd5 {[%clk 0:01:55]} 22. Rxd5
{[%clk 0:02:19]} a5 {[%clk 0:01:49]} 23. Rdd7 {[%clk 0:02:20]} Rf8
{[%clk 0:01:49]} 24. Kg2 {[%clk 0:02:18]} g6 {[%clk 0:01:50]} 25. h4
{[%clk 0:02:19]} h5 {[%clk 0:01:50]} 26. Rb7 {[%clk 0:02:13]} b5 {[%clk 0:01:42]}
27. Rxf7 {[%clk 0:02:09]} Rxb7 {[%clk 0:01:40]} 28. Rxb7 {[%clk 0:02:10]} b4
{[%clk 0:01:36]} 29. Ra7 {[%clk 0:02:03]} Rf5 {[%clk 0:01:37]} 30. e4
{[%clk 0:02:03]} Rc5 {[%clk 0:01:38]} 31. Kf3 {[%clk 0:01:58]} Kf8
{[%clk 0:01:39]} 32. Kf4 {[%clk 0:01:58]} Rb5 {[%clk 0:01:25]} 33. f3
{[%clk 0:01:53]} Rc5 {[%clk 0:01:23]} 34. g4 {[%clk 0:01:43]} Rb5
{[%clk 0:01:23]} 35. e5 {[%clk 0:01:40]} Rc5 {[%clk 0:01:22]} 36. gxh5
{[%clk 0:01:40]} gxh5 {[%clk 0:01:23]} 37. Kf5 {[%clk 0:01:42]} Ke8
{[%clk 0:00:53]} 38. Kf6 {[%clk 0:01:38]} Rc3 {[%clk 0:00:16]} 39. f4
{[%clk 0:01:39]} Rf3 {[%clk 0:00:16]} 40. f5 {[%clk 0:01:40]} Rc3
{[%clk 0:00:15]} 41. Ra8+ {[%clk 0:01:36]} Kd7 {[%clk 0:00:15]} 42. e6+
{[%clk 0:01:37]} Kd6 {[%clk 0:00:17]} 43. Rd8+ {[%clk 0:01:36]} Kc7
{[%clk 0:00:17]} 44. e7 {[%clk 0:01:37]} 1-0

[Event "C18"]
[Site "?"]
[Date "2016.08.10"]
[Round "17.4"]
[White "Wacior, Maciej"]
[Black "Nowak, Kamil"]
[Result "1/2-1/2"]
[LiveChessVersion "1.4.8"]
[BlackElo "1821"]
[WhiteElo "2005"]

1. d4 {[%clk 0:03:04]} d5 2. Nf3 Nf6 3. Bf4 Bf5 {[%clk 0:03:06]} 4. e3
{[%clk 0:03:09]} e6 5. Bd3 Bxd3 {[%clk 0:03:10]} 6. Qxd3 {[%clk 0:03:11]} Bd6 7.
Bg3 Bxg3 8. hxg3 h6 {[%clk 0:03:09]} 9. Nbd2 {[%clk 0:03:15]} Nbd7 10. c3 c6
{[%clk 0:02:50]} 11. a4 {[%clk 0:02:40]} Qc7 {[%clk 0:02:46]} 12. O-O
{[%clk 0:02:18]} O-O {[%clk 0:02:47]} 13. e4 {[%clk 0:02:13]} dxe4 14. Nxe4 Nxe4
{[%clk 0:02:48]} 15. Qxe4 {[%clk 0:02:14]} Nf6 {[%clk 0:02:49]} 16. Qe5
{[%clk 0:02:16]} Qxe5 {[%clk 0:02:48]} 17. Nxe5 {[%clk 0:02:17]} Rfd8
{[%clk 0:02:42]} 18. Rfe1 {[%clk 0:01:50]} Nd7 {[%clk 0:02:42]} 19. Nf3
{[%clk 0:01:43]} Nf6 {[%clk 0:02:41]} 20. Ne5 {[%clk 0:01:36]} Nd7
{[%clk 0:02:43]} 21. Nf3 {[%clk 0:01:34]} Nf6 {[%clk 0:02:44]} 22. Ne5
{[%clk 0:01:35]} Nd7 {[%clk 0:02:45]} 1/2-1/2

[Event "C18"]
[Site "?"]
[Date "2016.08.10"]
[Round "17.5"]
[White "Lizak, Jakub"]
[Black "Jarmula, Lukasz"]
[Result "1/2-1/2"]
[LiveChessVersion "1.4.8"]
[BlackElo "2162"]
[WhiteElo "2001"]

1. e4 {[%clk 0:03:04]} c5 {[%clk 0:03:03]} 2. Nf3 {[%clk 0:03:05]} d6
{[%clk 0:03:04]} 3. Bb5+ {[%clk 0:03:05]} Nd7 {[%clk 0:03:05]} 4. d4
{[%clk 0:03:07]} cxd4 {[%clk 0:03:06]} 5. Qxd4 {[%clk 0:03:08]} a6
{[%clk 0:03:06]} 6. Bxd7+ {[%clk 0:03:09]} Bxd7 {[%clk 0:03:07]} 7. c4
{[%clk 0:03:10]} e5 {[%clk 0:03:06]} 8. Qd3 {[%clk 0:03:12]} b5 {[%clk 0:03:07]}
9. Nc3 {[%clk 0:03:13]} bxc4 {[%clk 0:03:07]} 10. Qxc4 {[%clk 0:03:14]} h6
{[%clk 0:03:07]} 11. O-O {[%clk 0:03:13]} Nf6 {[%clk 0:03:08]} 12. Rd1
{[%clk 0:03:13]} Be7 {[%clk 0:03:08]} 13. Ne1 {[%clk 0:03:04]} O-O
{[%clk 0:03:03]} 14. Nc2 {[%clk 0:03:00]} Be6 {[%clk 0:02:50]} 15. Qd3
{[%clk 0:03:01]} Rc8 {[%clk 0:02:16]} 16. Ne3 {[%clk 0:03:02]} Qb6
{[%clk 0:02:14]} 17. Rb1 {[%clk 0:02:02]} Qb7 {[%clk 0:02:02]} 18. Ned5
{[%clk 0:01:43]} Nxd5 {[%clk 0:01:55]} 19. Nxd5 {[%clk 0:01:44]} Bxd5
{[%clk 0:01:47]} 20. Qxd5 {[%clk 0:01:45]} Qxd5 {[%clk 0:01:34]} 21. Rxd5 Rc2
{[%clk 0:01:32]} 22. Be3 {[%clk 0:01:41]} Rb8 {[%clk 0:01:30]} 23. Ra5
{[%clk 0:01:11]} Bg5 {[%clk 0:00:31]} 24. Bxg5 {[%clk 0:01:10]} hxg5
{[%clk 0:00:32]} 25. h3 {[%clk 0:01:11]} Rbxb2 {[%clk 0:00:14]} 26. Rxb2
{[%clk 0:01:12]} Rxb2 {[%clk 0:00:14]} 27. Rxa6 {[%clk 0:01:14]} Kf8
{[%clk 0:00:06]} 28. a4 {[%clk 0:01:13]} Ke7 {[%clk 0:00:06]} 29. a5
{[%clk 0:01:10]} Ra2 {[%clk 0:00:07]} 30. Ra8 {[%clk 0:01:03]} g6
{[%clk 0:00:07]} 31. a6 {[%clk 0:00:58]} Kf6 {[%clk 0:00:06]} 32. a7
{[%clk 0:00:51]} Ra1+ {[%clk 0:00:07]} 33. Kh2 {[%clk 0:00:52]} Ra3
{[%clk 0:00:09]} 34. g3 {[%clk 0:00:25]} Ra2 {[%clk 0:00:10]} 35. Kg2
{[%clk 0:00:26]} Ra3 {[%clk 0:00:11]} 36. Kf1 {[%clk 0:00:12]} Ra2
{[%clk 0:00:12]} 37. Kg2 {[%clk 0:00:09]} Kg7 {[%clk 0:00:12]} 1/2-1/2

[Event "C18"]
[Site "?"]
[Date "2016.08.10"]
[Round "18.1"]
[White "Niekras, Dawid"]
[Black "Molenda, Marcin"]
[Result "0-1"]
[LiveChessVersion "1.4.8"]
[BlackElo "2187"]
[WhiteElo "2157"]

1. e4 e5 2. Nf3 Nc6 3. Bb5 a6 4. Ba4 Nf6 5. O-O Nxe4 6. d4 b5 7. Bb3 d5 8. dxe5
Be6 9. Qe2 Be7 10. Rd1 O-O 11. c4 bxc4 12. Bxc4 Nc5 13. Be3 Qd7 14. Nc3 d4 15.
Nxd4 Bxc4 16. Qxc4 Nxe5 17. Qe2 Ng6 18. Rac1 Qc8 19. Nc6 Bd6 20. Bxc5 Bxc5 21.
Nd5 Bd6 22. Nce7+ Bxe7 23. Nxe7+ Nxe7 24. Qxe7 Rb8 25. b3 c6 26. h3 Rb5 27. Qe4
c5 28. Rc4 Qc7 29. Rdc1 Qa5 30. Qc2 h6 31. a4 Rb6 32. Rxc5 Qb4 33. Rc8 Qxb3 34.
Rxf8+ Kxf8 35. Qc8+ Ke7 36. Re1+ Kf6 37. Qd8+ Kg6 38. Re3 Rf6 39. Rxb3 0-1

[Event "C18"]
[Site "?"]
[Date "2016.08.10"]
[Round "18.2"]
[White "Kucza, Karol"]
[Black "Smieszek, Wojciech"]
[Result "1-0"]
[LiveChessVersion "1.4.8"]
[BlackElo "2042"]
[WhiteElo "2184"]

1. Nf3 {[%clk 0:03:03]} Nf6 {[%clk 0:03:03]} 2. d4 {[%clk 0:03:04]} c5
{[%clk 0:03:03]} 3. e3 {[%clk 0:02:50]} g6 {[%clk 0:03:00]} 4. Be2
{[%clk 0:02:50]} Bg7 {[%clk 0:03:01]} 5. O-O {[%clk 0:02:50]} O-O
{[%clk 0:02:59]} 6. b3 {[%clk 0:02:44]} b6 {[%clk 0:02:58]} 7. Bb2
{[%clk 0:02:44]} d6 {[%clk 0:02:57]} 8. c4 {[%clk 0:02:44]} Bb7 {[%clk 0:02:53]}
9. d5 {[%clk 0:02:41]} e6 {[%clk 0:02:49]} 10. Nc3 {[%clk 0:02:43]} exd5
{[%clk 0:02:44]} 11. Qd2 {[%clk 0:01:47]} Ne4 {[%clk 0:01:37]} 12. Nxe4
{[%clk 0:01:45]} dxe4 {[%clk 0:01:38]} 13. Ne1 {[%clk 0:01:16]} Bxb2
{[%clk 0:01:25]} 14. Qxb2 {[%clk 0:01:17]} Nc6 {[%clk 0:01:21]} 15. Rd1
{[%clk 0:01:18]} Qe7 {[%clk 0:01:18]} 16. Nc2 {[%clk 0:01:19]} Ne5
{[%clk 0:01:16]} 17. Na3 {[%clk 0:01:21]} Rad8 {[%clk 0:01:04]} 18. Nb5
{[%clk 0:01:21]} a6 19. Nc3 Qf6 {[%clk 0:00:51]} 20. Qc2 {[%clk 0:01:16]} Qf5
{[%clk 0:00:39]} 21. Nd5 {[%clk 0:01:13]} b5 {[%clk 0:00:35]} 22. Ne7+
{[%clk 0:01:14]} Kg7 {[%clk 0:00:34]} 23. Nxf5+ {[%clk 0:01:15]} gxf5
{[%clk 0:00:35]} 24. cxb5 {[%clk 0:01:16]} axb5 {[%clk 0:00:36]} 25. Bxb5
{[%clk 0:01:16]} Kh8 {[%clk 0:00:19]} 26. Qc3 {[%clk 0:01:17]} Rg8
{[%clk 0:00:19]} 27. Rxd6 {[%clk 0:01:13]} 1-0

[Event "C18"]
[Site "?"]
[Date "2016.08.10"]
[Round "18.3"]
[White "Putlak, Wojciech"]
[Black "Piotrowski, Przemyslaw"]
[Result "0-1"]
[LiveChessVersion "1.4.8"]
[BlackElo "2131"]
[WhiteElo "1939"]

1. d4 {[%clk 0:03:03]} c5 {[%clk 0:03:01]} 2. c3 {[%clk 0:03:02]} Nf6
{[%clk 0:03:00]} 3. Nf3 {[%clk 0:03:03]} g6 {[%clk 0:03:00]} 4. g3
{[%clk 0:03:04]} Bg7 {[%clk 0:03:01]} 5. Bg2 {[%clk 0:03:05]} O-O
{[%clk 0:03:02]} 6. O-O {[%clk 0:03:05]} d5 {[%clk 0:03:03]} 7. Bf4
{[%clk 0:03:02]} b6 {[%clk 0:03:01]} 8. Re1 {[%clk 0:02:38]} Nbd7
{[%clk 0:03:02]} 9. Ne5 {[%clk 0:02:38]} Bb7 {[%clk 0:03:00]} 10. Nd2
{[%clk 0:02:33]} Nh5 {[%clk 0:02:50]} 11. Nxd7 {[%clk 0:02:33]} Qxd7
{[%clk 0:02:43]} 12. Be3 {[%clk 0:02:13]} cxd4 {[%clk 0:02:44]} 13. Bxd4
{[%clk 0:02:14]} e5 {[%clk 0:02:45]} 14. Be3 {[%clk 0:02:08]} Rad8
{[%clk 0:02:46]} 15. f3 {[%clk 0:02:05]} d4 {[%clk 0:02:39]} 16. cxd4
{[%clk 0:02:04]} exd4 {[%clk 0:02:41]} 17. Bf2 {[%clk 0:02:05]} d3
{[%clk 0:02:42]} 18. exd3 {[%clk 0:01:56]} Qxd3 {[%clk 0:02:43]} 19. Nb3
{[%clk 0:01:49]} Bxb2 {[%clk 0:02:39]} 20. Rb1 {[%clk 0:01:41]} Bg7
{[%clk 0:02:13]} 21. Qxd3 {[%clk 0:01:35]} Rxd3 {[%clk 0:02:14]} 22. Red1
{[%clk 0:01:34]} Rfd8 {[%clk 0:02:15]} 23. Rxd3 {[%clk 0:01:32]} Rxd3
{[%clk 0:02:16]} 24. f4 {[%clk 0:01:32]} Bxg2 {[%clk 0:02:17]} 25. Kxg2
{[%clk 0:01:32]} Bc3 {[%clk 0:02:07]} 26. Rc1 {[%clk 0:01:21]} Nf6
{[%clk 0:02:02]} 27. Rc2 {[%clk 0:01:17]} Nd5 {[%clk 0:01:57]} 28. Nc1
{[%clk 0:01:11]} Rd1 {[%clk 0:01:38]} 29. Ne2 {[%clk 0:01:06]} Bf6
{[%clk 0:01:39]} 30. Kf3 {[%clk 0:00:54]} Kg7 {[%clk 0:01:34]} 31. g4
{[%clk 0:00:46]} Nb4 {[%clk 0:01:21]} 32. Rc7 {[%clk 0:00:41]} Rd3+
{[%clk 0:01:21]} 33. Ke4 {[%clk 0:00:33]} Rd2 {[%clk 0:01:20]} 34. Ke3
{[%clk 0:00:31]} Rxa2 {[%clk 0:01:19]} 35. g5 {[%clk 0:00:26]} Nd5+
{[%clk 0:01:21]} 36. Kf3 {[%clk 0:00:26]} Nxc7 {[%clk 0:01:20]} 37. gxf6+
{[%clk 0:00:27]} Kxf6 {[%clk 0:01:21]} 38. Bd4+ {[%clk 0:00:28]} Ke6
{[%clk 0:01:20]} 39. h4 {[%clk 0:00:28]} b5 {[%clk 0:01:18]} 40. Nc3
{[%clk 0:00:28]} Ra3 {[%clk 0:01:16]} 41. Ke2 {[%clk 0:00:29]} b4
{[%clk 0:01:12]} 42. Nd1 {[%clk 0:00:30]} Nd5 {[%clk 0:01:09]} 43. Be5
{[%clk 0:00:27]} f6 {[%clk 0:01:03]} 44. Bb8 {[%clk 0:00:28]} a5 {[%clk 0:01:01]}
45. Kd2 {[%clk 0:00:28]} a4 {[%clk 0:00:59]} 46. Kc2 {[%clk 0:00:28]} Rh3
{[%clk 0:00:57]} 47. Nb2 {[%clk 0:00:24]} a3 {[%clk 0:00:49]} 48. Nc4
{[%clk 0:00:25]} Rc3+ {[%clk 0:00:49]} 0-1

[Event "C18"]
[Site "?"]
[Date "2016.08.10"]
[Round "18.4"]
[White "Nowak, Kamil"]
[Black "Wacior, Maciej"]
[Result "1/2-1/2"]
[LiveChessVersion "1.4.8"]
[BlackElo "2005"]
[WhiteElo "1821"]

1. d4 d5 2. c4 e6 3. Nc3 Nf6 4. Nf3 c6 5. Bg5 Be7 6. e3 {[%clk 0:03:08]} O-O 7.
Bd3 Nbd7 {[%clk 0:03:04]} 8. O-O dxc4 9. Bxc4 c5 10. Qe2 {[%clk 0:02:55]} Nb6
{[%clk 0:03:05]} 11. Bb3 {[%clk 0:02:51]} cxd4 {[%clk 0:02:58]} 12. Nxd4 Bd7 13.
Rfd1 {[%clk 0:02:49]} Qe8 {[%clk 0:02:44]} 14. Rac1 {[%clk 0:02:47]} Nfd5
{[%clk 0:02:18]} 15. Bxd5 {[%clk 0:02:31]} exd5 {[%clk 0:02:05]} 16. Bxe7
{[%clk 0:02:25]} Qxe7 {[%clk 0:02:06]} 17. Qf3 {[%clk 0:02:23]} Be6
{[%clk 0:02:01]} 18. Ncb5 {[%clk 0:01:59]} Rfc8 {[%clk 0:01:49]} 19. Rxc8+
{[%clk 0:01:59]} Rxc8 {[%clk 0:01:33]} 20. Nxa7 Ra8 21. Nab5 {[%clk 0:01:46]}
Rxa2 {[%clk 0:01:31]} 22. b3 {[%clk 0:01:45]} Ra8 {[%clk 0:01:23]} 23. Rc1
{[%clk 0:01:45]} Rc8 {[%clk 0:01:24]} 24. Rxc8+ {[%clk 0:01:40]} Nxc8
{[%clk 0:01:19]} 25. h3 {[%clk 0:01:33]} h6 {[%clk 0:01:20]} 26. Qf4
{[%clk 0:01:28]} Kh7 {[%clk 0:00:53]} 27. Qc7 {[%clk 0:01:29]} Qb4
{[%clk 0:00:36]} 28. Kh2 {[%clk 0:01:30]} Qe1 {[%clk 0:00:34]} 29. Qf4
{[%clk 0:01:19]} Ne7 {[%clk 0:00:20]} 30. Nxe6 {[%clk 0:01:10]} fxe6
{[%clk 0:00:21]} 31. Nd4 {[%clk 0:01:11]} Ng6 {[%clk 0:00:21]} 32. Qf7
{[%clk 0:01:06]} Nh8 {[%clk 0:00:15]} 33. Qf3 {[%clk 0:01:01]} e5
{[%clk 0:00:13]} 34. Ne6 {[%clk 0:00:45]} Qb1 {[%clk 0:00:08]} 35. Qxd5
{[%clk 0:00:36]} Qf5 {[%clk 0:00:09]} 36. Nd4 {[%clk 0:00:32]} Qxf2
{[%clk 0:00:09]} 37. Qxe5 {[%clk 0:00:31]} Ng6 {[%clk 0:00:09]} 38. Qe4
{[%clk 0:00:25]} Qf6 {[%clk 0:00:07]} 39. Qf5 Qd6+ 40. Kh1 Qc7 41. Ne6 Qc1+ 42.
Kh2 {[%clk 0:00:15]} Qxe3 {[%clk 0:00:11]} 1/2-1/2

[Event "C18"]
[Site "?"]
[Date "2016.08.10"]
[Round "18.5"]
[White "Jarmula, Lukasz"]
[Black "Lizak, Jakub"]
[Result "1-0"]
[LiveChessVersion "1.4.8"]
[BlackElo "2001"]
[WhiteElo "2162"]

1. e4 {[%clk 0:03:03]} c5 {[%clk 0:02:57]} 2. Nf3 {[%clk 0:03:03]} e6
{[%clk 0:02:59]} 3. d4 {[%clk 0:03:04]} cxd4 {[%clk 0:03:00]} 4. Nxd4
{[%clk 0:03:05]} Nc6 {[%clk 0:03:02]} 5. Nc3 {[%clk 0:03:05]} Qc7
{[%clk 0:03:03]} 6. Be3 a6 7. Be2 {[%clk 0:03:05]} Nf6 {[%clk 0:03:02]} 8. O-O
Be7 9. f4 d6 10. a4 {[%clk 0:03:05]} Bd7 {[%clk 0:02:53]} 11. Qe1
{[%clk 0:03:02]} O-O {[%clk 0:02:53]} 12. Qg3 {[%clk 0:03:02]} Rfe8
{[%clk 0:02:17]} 13. Bd3 {[%clk 0:02:43]} Nb4 {[%clk 0:02:02]} 14. e5
{[%clk 0:02:38]} Nh5 {[%clk 0:02:03]} 15. Qh3 {[%clk 0:01:43]} Nxd3
{[%clk 0:01:38]} 16. Qxh5 {[%clk 0:01:39]} g6 {[%clk 0:01:31]} 17. Qh6
{[%clk 0:01:36]} Bf8 {[%clk 0:01:23]} 18. Qh4 {[%clk 0:01:36]} Nxb2
{[%clk 0:01:24]} 19. Ne4 {[%clk 0:01:36]} Bg7 {[%clk 0:00:55]} 20. Nf6+
{[%clk 0:01:37]} Bxf6 {[%clk 0:00:56]} 21. exf6 {[%clk 0:01:38]} Kh8
{[%clk 0:00:57]} 22. Qh6 {[%clk 0:01:34]} Rg8 {[%clk 0:00:58]} 23. Rf3
{[%clk 0:01:35]} e5 {[%clk 0:00:50]} 24. f5 {[%clk 0:01:36]} Bxf5
{[%clk 0:00:20]} 25. Nxf5 {[%clk 0:01:36]} gxf5 {[%clk 0:00:14]} 26. Rh3
{[%clk 0:01:36]} Rxg2+ {[%clk 0:00:16]} 27. Kh1 {[%clk 0:01:12]} Rxh2+
{[%clk 0:00:08]} 28. Rxh2 Qc6+ 29. Rg2 {[%clk 0:01:03]} Rg8 {[%clk 0:00:11]} 30.
Rag1 {[%clk 0:01:00]} Nc4 {[%clk 0:00:04]} 31. Kh2 {[%clk 0:00:58]} Rxg2+
{[%clk 0:00:00]} 1-0

[Event "C18"]
[Site "?"]
[Date "2016.08.10"]
[Round "19.1"]
[White "Kucza, Karol"]
[Black "Jarmula, Lukasz"]
[Result "1-0"]
[LiveChessVersion "1.4.8"]
[BlackElo "2162"]
[WhiteElo "2184"]

1. e4 e5 2. Nf3 Nc6 3. Bb5 a6 4. Bxc6 dxc6 5. O-O f6 6. d4 Bg4 7. dxe5 Qxd1 8.
Rxd1 fxe5 9. Be3 Bxf3 10. gxf3 Bd6 11. Nd2 Ne7 12. Nc4 O-O-O 13. Bg5 Rd7 14.
Nxd6+ cxd6 15. Bxe7 Rxe7 16. Rxd6 Rf8 17. Kg2 Ref7 18. Rd3 Rf6 19. Rad1 Rg6+ 20.
Kf1 Rf7 21. Ke2 Rh6 22. Rd8+ Kc7 23. Re8 Rh5 24. c4 Kb6 25. b4 a5 26. a3 Rh3 27.
Rd3 Rh5 28. Re6 Rf6 29. Rxf6 gxf6 30. Rd6 Rxh2 31. Rxf6 Rh1 32. Rf5 axb4 33. axb4
Rb1 34. Rxe5 Rxb4 35. c5+ Kb5 36. f4 Kc4 37. f5 Kd4 38. Re7 Rb2+ 39. Kf3 Rb3+ 40.
Kf4 Rb2 41. f3 Rh2 42. f6 Kxc5 43. f7 1-0